000 00657cab a2200217 4500
001 WB3145-67
008 090401t1995 xxu||||| |||| 00| 0 eng d
035 _a(Sirsi) u40987
041 _aeng
245 _aLabour`s urban planning policy
260 _c1995
350 _a0
490 _aProperty Week
_v30 November 1995, 16(1)
520 _aThe Labour party`s urban regeneration policy will involve the creation of Civic Forums, a partnership of public, private and community sectors.
650 _aCIVIC FORUMS
650 _aLABOUR PARTY POLICY
650 _aURBAN REGENERATION
690 _aURBAN RENEWAL
942 _n0
948 _c04/03/1997
999 _c26298
_d26298